=LDR 00000nam 2200000 4500 =001 INLIS000000000012746 =005 20130612104234 =008 ***********************************Ind** =035 ##$$0010-061300000012746 =041 ##$$a Ind =082 ##$$a 615 =090 ##$$a 615, Jam s =100 ##$$a Damhuri, Agus =245 ##$$a Sinopsis Farmakologi, Agus Damhuri =260 ##$$a 1975 $b Jakarta =300 ##$$a x, 178 hlm., Ilus, 21 cm =650 ##$$a Farmakologi =850 ##$$a NBPNMAT